| 000 | 00485nam a22001697a 4500 | ||
|---|---|---|---|
| 008 | 230609b |||||||| |||| 00| 0 eng d | ||
| 020 | _a81-7041-628-0 | ||
| 040 |
_aNational Science Library _cNational Science Library |
||
| 080 |
_a620.98 _bN2 |
||
| 100 | 1 |
_aSingh, Palwinder _911257 |
|
| 245 | _aChanging pattern of energy use | ||
| 260 |
_aNew Delhi: _bAnmol Publications, _c1992 |
||
| 300 | _a343p. | ||
| 650 | _aEnergy use | ||
| 653 | _aMigration energy use | ||
| 942 |
_2udc _cBK |
||
| 999 |
_c41293 _d41293 |
||